000 00762nam a2200241 i 4500
001 15260
003 ES-MaACL
005 20250824210222.0
007 t|
008 000210s1999 sp ||||0| spa j
020 _a84-206-6722-6
040 _aM-BN
_bspa
_cM-BN
080 _a342.25(460)
100 1 _aAja, Eliseo.
_919023
245 1 3 _aEl estado autonómico
_b: federalismo y hechos diferenciales /
_cEliseo Aja.
260 _aMadrid :
_bAlianza Editorial,
_c[1999]
300 _a293 p. ;
_c20 cm.
490 1 _aEl libro universitario. Ensayo ;
_v103
650 _aEspaña-
_xComunidades autónomas.
_9178649
830 0 3 _aEl libro universitario (Alianza)
_v103
_9179736
852 _aES-MaACL
_jL-22664
_bR.127832
999 _c15260
_d15260